000 00982nam0a2200277 i 4500
001 RU\NLR\bibl\1906083
005 20240921110735.0
010 _a9785271420900
_bАстрель
_94000
021 _aRU
_b2012-31311
_92322
035 _a(NLR Aleph) 001895656
090 _a2979566
_c2979566
100 _a20120522d2012 d y0rusy50 ca
101 1 _arus
_ceng
102 _aRU
105 _ay |||||||||
200 1 _aПоследний мушкетер
_eроман
_e[для детей среднего школьного возраста]
_fСтюарт Гиббс
_g[пер. с англ. Ю. Ершовой]
210 _aМосква
_cАстрель
_d2012
215 _a317, [1] с.
_d21
686 _aШ9(7США)62-4
700 1 _4070
_7ca
_8rus
_aГиббс
_bС.
_f1969-
_gСтюарт
_9230566
_3RU\NLR\AUTH\770230622
801 0 _aRU
_bNLR
_c20120522
_gRCR
801 1 _aRU
_bNLR
_c20120522
942 _cBOOK
980 _aNBR